000 00549 a2200193 4500
005 20260309145813.0
008 260309b |||||||| |||| 00| 0 eng d
020 _a9788197890581
040 _cSDCL
041 _2eng
_aeng
084 _aV2:51'N4 R5
100 _aUpadhyaya, Sanjay
_91131379
245 _aRole Of Labour Leaders In The Indian Freedom Movement
260 _aDelhi :
_bL.G. Publishers Distributors,
_c2025.
300 _a132p.
700 _aMakwana, Rutvikkumar
_91131380
700 _aRaj, Anand
_91131381
942 _cTEXL
_2CC
999 _c1672552
_d1672552